The problems of the arid zone: proceedings of the Paris Symposium

محفوظ في:
التفاصيل البيبلوغرافية
التنسيق: كتاب
اللغة:الإنجليزية
منشور في: París UNESCO 1962
سلاسل:Arid Zone Research, 18
الموضوعات:
الوسوم: إضافة وسم
لا توجد وسوم, كن أول من يضع وسما على هذه التسجيلة!

MARC

LEADER 00000nam a2200000 a 4500
001 UCU4590
003 CL-VaPUC
005 20250102132728.0
008 960524e19620000fr 1 eng d
082 0 4 |a 551.415  |b THE  |2 21 
245 1 4 |a The problems of the arid zone: proceedings of the Paris Symposium 
260 |a París  |b UNESCO  |c 1962 
300 |a 481 p 
490 0 |a Arid Zone Research, 18 
583 |a last modification  |c 19960524 00:00:00  |k Rodrigo Vera 
650 0 7 |a REGIONES CLIMATICAS  |2 CL-VaPUC  |9 267906 
650 0 0 |a Climatología   |9 262302 
650 0 0 |a Medio ambiente físico  |9 347938 
650 0 0 |a Zona templada  |9 362280 
942 |c BK 
945 |a cmena  |d 19960524 00:00:00 
546 |a En Inglés 
518 |p Symposium on Arid Zone Problems, París, 11 al 18 de Mayo de 1960 
999 |c 382622  |d 382620 
952 |0 0  |1 0  |4 0  |6 551_415000000000000_THE_1962  |7 0  |8 A  |9 504413  |a BIBING  |b BIBING  |d 2020-01-23  |i 1667009  |o 551.415 THE 1962  |p 1667009  |r 2025-01-20  |w 2020-01-23  |y BK  |k ING